000 00752nam a2200265Ia 4500
003 OSt
005 20220925220857.0
006 a|||||r|||| 00| 0
007 ta
008 220923b |||||||| |||| 00| 0 eng d
020 _a0333625862
037 _cGeneral Book
040 _aRTL
_cRTL
_beng
041 _2eng
_aeng
082 _aX:51, N5
100 _aChristopher Martin
_9128397
245 0 _aMarketing
_b An introductory text
260 _aLondon
_bMacmillan Press
_c1995
300 _axiii,336p
_ccm.
500 _aBibliography chapterwise
650 _aMarketing
_915998
700 _a McDonald Malcolm
_9146888
942 _hX:51, N5
_cGB
_2CC
999 _c572760
_d572760